| 000 | 00645nam a22002177a 4500 | ||
|---|---|---|---|
| 003 | OSt | ||
| 005 | 20260513154437.0 | ||
| 008 | 260513b |||||||| |||| 00| 0 eng d | ||
| 020 | _a2-501-01238-0 | ||
| 040 | _cChuka University Library | ||
| 050 |
_aPN 6014 _b.A76 1989 |
||
| 100 |
_aArnould Marianne _924459 |
||
| 245 | _a100 livres en un seul | ||
| 260 |
_aAlleur , Belgium Paris France _bMARIBOU _c1989 |
||
| 300 | _a477p | ||
| 650 |
_aLiterature Collections _924460 |
||
| 650 |
_aLiterature History and Criticism _924461 |
||
| 650 |
_aBooks and Readings _924462 |
||
| 700 |
_aJean-Francois Coremans(Author) _924463 |
||
| 942 |
_2lcc _cFRE _n0 |
||
| 999 |
_c22059 _d22059 |
||